| 000 | 00588nam a2200193Ia 4500 | ||
|---|---|---|---|
| 001 | 4965 | ||
| 003 | GE_BSU | ||
| 008 | 181216s||||||||xx |||||||||||||| ||und|| | ||
| 040 | _cGE_BSU | ||
| 080 | _a514(075.3) | ||
| 100 | _aБалк, М.Б. | ||
| 245 | _aГеометрические приложения понятия о центре тяжести. | ||
| 260 | _aМосква | ||
| 260 | _bГосиздат | ||
| 260 | _c1959 | ||
| 300 | _a230 с. 20 см. | ||
| 653 | _aГеометрические приложения понятия о центре тяжести. | ||
| 942 | _cBK | ||
| 999 |
_c38701 _d38701 |
||